LEADER 01046nam a22002651i 4500 001 991002282089707536 005 20040329083512.0 008 040407s1968 it |||||||||||||||||ita 035 $ab12898855-39ule_inst 035 $aARCHE-087847$9ExL 040 $aDip.to Filologia Class. e Scienze Filosofiche$bita$cA.t.i. Arché s.c.r.l. Pandora Sicilia s.r.l. 082 04$a270.1 100 0 $aVincentius :$cLerinensis $0486407 245 13$aIl Commonitorio /$cS. Vincenzo di Lerino ; introduzione, traduzione e note a cura di D. Cesare Colafemmina 260 $a[Alba] :$bEdizioni Paoline,$c1968 300 $a1 v. ;$c19 cm 440 0$aPatristica 650 4$aPatristica 700 1 $aColafemmina, Cesare 907 $a.b12898855$b02-04-14$c16-04-04 912 $a991002282089707536 945 $aLE007 Sala A Patristica Vincentius Lerinus 01$g1$i2015000086648$lle007$o-$pE0.00$q-$rl$s- $t0$u0$v0$w0$x0$y.i13463858$z16-04-04 996 $aCommonitorio$9306182 997 $aUNISALENTO 998 $ale007$b16-04-04$cm$da $e-$fita$git $h3$i1 LEADER 05184nam 2200757 450 001 9910824071203321 005 20231004145737.0 010 $a1-118-29874-8 010 $a1-118-29873-X 035 $a(CKB)3710000000615957 035 $a(EBL)4451483 035 $a(SSID)ssj0001635870 035 $a(PQKBManifestationID)16389371 035 $a(PQKBTitleCode)TC0001635870 035 $a(PQKBWorkID)14368893 035 $a(PQKB)10356729 035 $a(PQKBManifestationID)15139053 035 $a(PQKBWorkID)12198653 035 $a(PQKB)23905689 035 $a(MiAaPQ)EBC4451483 035 $a(DLC) 2015025374 035 $a(Au-PeEL)EBL4451483 035 $a(CaPaEBR)ebr11174054 035 $a(CaONFJC)MIL909420 035 $a(OCoLC)945137795 035 $a(EXLCZ)993710000000615957 100 $a20150623d2016 uy| 0 101 0 $aeng 135 $aur|n|---||||| 181 $ctxt 182 $cc 183 $acr 200 10$aManaging built heritage $ethe role of cultural values and significance /$fStephen Bond and Derek Worthing 205 $aSecond edition. 210 1$aChichester, West Sussex, United Kingdom :$cWiley Blackwell,$d2016. 215 $a1 online resource (283 p.) 225 1 $aTHEi Wiley ebooks 300 $aDescription based upon print version of record. 311 $a1-118-29871-3 311 $a1-118-29875-6 320 $aIncludes bibliographical references and index. 327 $aManaging Built Heritage; Contents; About the Authors; 1 Introduction; Note; References; 2 Heritage Assets: Their Nature and Management Implications; Introduction; Some introductory thoughts about heritage assets; Heritage assets and their management implications; Buried archaeology; Archaeological sites and monuments; Individual historic structures and buildings; Cultural landscapes; Landed estates; Historic areas and urban landscapes: towns and cities; World Heritage Sites and Cities; Buffer zones and urban settings to major heritage assets; Intangible heritage 327 $aOwners, managers and management approachesReferences; 3 Heritage Values and Cultural Significance; Benefits of conservation; 1 There are significant benefits to the social, psychological and political well-being of individuals, groups and nations - or indeed collections of nations; 2 There are significant educational benefits: that we can understand aspects of past societies not only through analysis of the physical remains of the past but also the historic environment is a focus and an opportunity for a less 'expert' engagement with the lives and experiences of previous generations 327 $a3 As existing buildings, they are a resource that should be reused for (environmental and financial) sustainability reasons4 The historic environment contributes to a sense of place through its character and its visual aesthetic; 5 Historic buildings and areas attract significant tourist revenue and make significant contributions to local, regional and sometimes national economies and employment; Understanding the cultural significance of a heritage asset; Development in the idea of values; International charters; Value characterisation: typologies; Categories of values; Aesthetic 327 $aScenic and panoramicArchitectural/technological; Historical; Associational; Archaeological; Economic; Educational; Recreational; Artistic; Social; Commemorative; Symboliciconic; Spiritual and religious; Inspirational; Ecological; Environmental; Some examples of assets and their values; References; 4 Assessing Significance; Establishing and analysing the origins and development of an asset; Gathering evidence about significance; Research and types of evidence; Documentary evidence; Primary source material; Illustrations, including paintings 327 $aRegistrations of births, baptisms, marriages, deaths and burials/cremationsCorrespondence, reports, minutes of committee meetings, specifications of work, contractors invoices, etc.; Census returns; Trade directories; Maps; Plans; Photographs and postcards; Surveys; Local newspapers and journals; Secondary material; Example: a North of England church; Interpreting the building/physical remains; Establishing and analysing the character, dynamics and setting of the asset; Assessing community values; Analysing significance; Assessing significance: comparisons and relativity; Comparisons 327 $aSome issues in value assessment 410 0$aTHEi Wiley ebooks. 606 $aHistoric buildings$xConservation and restoration 606 $aHistoric sites$xManagement 606 $aHistoric buildings$xManagement 606 $aCultural property$xManagement 615 0$aHistoric buildings$xConservation and restoration. 615 0$aHistoric sites$xManagement. 615 0$aHistoric buildings$xManagement. 615 0$aCultural property$xManagement. 676 $a363.6/9 700 $aBond$b Stephen$f1955-$0521575 702 $aWorthing$b Derek 801 0$bMiAaPQ 801 1$bMiAaPQ 801 2$bMiAaPQ 906 $aBOOK 912 $a9910824071203321 996 $aManaging built heritage$94114053 997 $aUNINA